Statystyki dla Polska - Gruzja 14.11.2014

Kliknij tutaj aby rozwiązać quiz!

Ogólne statystyki

  • Ten quiz został rozwiązany 51 razy
  • Średni wynik to 12 z 14

Statystyki odpowiedzi

PozycjaKlubOdpowiedź% Poprawnych
NapastnikAjax AmsterdamArkadiusz Milik
100%
ObrońcaBorussia DortmundŁukasz Piszczek
100%
NapastnikBayern MonachiumRobert Lewandowski
100%
BramkarzArsenalWojciech Szczęsny
100%
PomocnikSevillaGrzegorz Krychowiak
98%
ObrońcaTorinoKamil Glik
98%
SkrzydłowyStade RennaisKamil Grosicki
94%
ObrońcaSteaua BukaresztŁukasz Szukała
82%
Skrzydłowy (zmiennik)Terek GroznyMaciej Rybus
82%
ObrońcaFK KrasnodarArtur Jędrzejczyk
71%
PomocnikGuizhou RenheKrzysztof Mączyński
65%
PomocnikŚląsk WrocławSebastian Mila
65%
Pomocnik (zmiennik)Legia WarszawaTomasz Jodłowiec
57%
Pomocnik (zmiennik)Lech PoznańKarol Linetty
49%

Rozkład punktacji

Percentyl według liczby udzielonych odpowiedzi

Procent ludzi z każdym wynikiem

Twoja historia wyników

Nie rozwiązałeś tego quizu